Członkowie Ligi Narodów - Statystyki

Ogólne statystyki
  • Ten quiz został rozwiązany 53 razy
  • Średni wynik to 44 z 62
Statystyki odpowiedzi
Odpowiedź Lata Czlonkostwa % Poprawnych
Polska Od 1920
100%
Niemcy 1926-1933
94%
Francja 1920-1941
92%
Brazylia 1920-1926
88%
Turcja Od 1932
88%
Dania 1920-1940
85%
Hiszpania 1920-1939
85%
Norwegia Od 1920
85%
Wielka Brytania Od 1920
85%
Grecja Od 1920
83%
Litwa Od 1921
83%
Szwecja Od 1920
83%
Włochy 1920-1937
83%
Argentyna Od 1920
81%
Finlandia Od 1920
81%
Japonia 1920-1933
81%
Kolumbia Od 1920
81%
Łotwa Od 1921
81%
Portugalia Od 1920
81%
Rumunia 1920-1940
81%
Holandia Od 1920
79%
Estonia Od 1921
79%
Węgry 1922-1939
79%
Belgia Od 1920
77%
Chile 1920-1938
77%
Irlandia Od 1923
77%
Australia Od 1920
75%
Kanada Od 1920
75%
Szwajcaria Od 1920
75%
Wenezuela 1920-1939
75%
Chiny Od 1920
73%
Luksemburg 1920-1942
73%
Meksyk Od 1931
73%
Peru 1920-1939
73%
Urugwaj Od 1920
73%
Austria 1920-1938
69%
Bułgaria Od 1920
69%
Ekwador Od 1934
69%
Kostaryka 1920-1925
69%
Paragwaj 1920-1935
69%
Nowa Zelandia Od 1920
67%
Boliwia Od 1920
65%
Jugosławia/SHS 1920-1939 i od1944
65%
Kuba Od 1920
65%
Panama Od 1920
65%
Egipt Od 1937
63%
Honduras 1920-1936
63%
Iran Od 1920
63%
Związek Radziecki 1934-1939
60%
Czechosłowacja 1920-1939
56%
Dominikana Od 1924
56%
Gwatemala 1920-1936
56%
Salwador 1920-1937
56%
Haiti 1920-1942
54%
Nikaragua 1920-1936
54%
Albania 1920-1939
52%
Irak Od 1932
52%
Etiopia Od 1923
48%
Syjam/Tajlandia Od 1920
46%
Afganistan Od 1934
42%
Liberia Od 1920
42%
Związek Południowej Afryki Od 1920
10%
Nie znaleziono quizów pasujących do podanych kryteriów
Rozkład punktacji
Procent ludzi z każdym wynikiem
Percentyl według liczby udzielonych odpowiedzi
Twoja historia wyników
Nie rozwiązałeś tego quizu